000
00298nam a22001217a 4500
999
_c
13448
_d
13448
020
_a
9690101463
082
_a
945.03
100
_a
Sayid Ghulam Mustafa Shah
245
_a
The British in the Subcontinent
260
_a
Lahore
_b
Ferozsons (Pvt) Ltd.
_c
1993
300
_a
xviii, 249 pages
942
_c
BK